000 00495nam a2200157Ia 4500
008 240729s9999 xx 000 0 und d
022 _a1832-2522
245 0 _aProvenance
260 _aAustralia
260 _bPublic Record Office Victoria
650 _a Social history and conditions. Social problems. Social reform
650 _aGeography. Anthropology. Recreation | Social Sciences
856 _uhttps://doaj.org/toc/fdfbf3bd47424beb9d770ad7d2083924
942 _2ddc
942 _cDOAJEJ
999 _c68443
_d68443
945 _a1
_bMadushi Gamage
_c1
_dMadushi Gamage